|
|
|
|
| LEADER |
00000cam a2200000 a 4500 |
| 001 |
50849 |
| 005 |
20230308164144.0 |
| 008 |
000000|1946 ||||||||r|||||||||||spa|| |
| 040 |
|
|
|b spa
|
| 041 |
1 |
|
|a spa
|
| 082 |
0 |
|
|a 519.2
|
| 100 |
1 |
|
|a Mises, Richard von
|9 44550
|
| 245 |
|
|
|a Probabilidad, estadística y verdad
|c Richard von Mises. Traducción de Juan Carlos Grimberg
|h imp
|
| 264 |
|
|
|a Buenos Aires
|b Espasa Calpe
|c 1946
|
| 300 |
|
|
|a 351 páginas:
|c 20 cm
|
| 650 |
|
|
|a Probabilidad
|9 23041
|
| 650 |
|
0 |
|a Estadística
|9 7865
|
| 852 |
|
|
|a UC-CDJBV
|c ESTANTERIA CERRADA
|f Compra
|k lucia.mora
|l 1
|m General
|p 00000000
|q 28,00
|r 2
|t 50849
|b 0
|d CDRC
|e CDRC
|g 519.2 ESTANTERIA CERRADA
|z 0000-00-00
|
| 942 |
|
|
|c BK
|
| 999 |
|
|
|c 24153
|d 24153
|